Special Functions and Integral Transforms B.A. / BCs. 2nd (Record no. 11121)
[ view plain ]
| 000 -LEADER | |
|---|---|
| fixed length control field | 00627nam a22002297a 4500 |
| 003 - CONTROL NUMBER IDENTIFIER | |
| control field | OSt |
| 008 - FIXED-LENGTH DATA ELEMENTS--GENERAL INFORMATION | |
| fixed length control field | 220409b ||||| |||| 00| 0 eng d |
| 020 ## - INTERNATIONAL STANDARD BOOK NUMBER | |
| International Standard Book Number | 9789380896199 |
| 082 ## - DEWEY DECIMAL CLASSIFICATION NUMBER | |
| Classification number | 515.5 DHS |
| 100 ## - MAIN ENTRY--PERSONAL NAME | |
| Personal name | DHANONCHAK, Dr. Poonam |
| 245 ## - TITLE STATEMENT | |
| Title | Special Functions and Integral Transforms B.A. / BCs. 2nd |
| 250 ## - EDITION STATEMENT | |
| Edition statement | 20th |
| Remainder of edition statement | 2022 |
| 260 ## - PUBLICATION, DISTRIBUTION, ETC. (IMPRINT) | |
| Place of publication, distribution, etc | New Delhi |
| Name of publisher, distributor, etc | Jeevansons Publications |
| Date of publication, distribution, etc | 2022 |
| 300 ## - PHYSICAL DESCRIPTION | |
| Extent | 578 |
| 650 ## - SUBJECT ADDED ENTRY--TOPICAL TERM | |
| Topical term or geographic name as entry element | B.A / BSc. 2nd Sem 4th |
| 700 ## - ADDED ENTRY--PERSONAL NAME | |
| Personal name | GOEL, Sanjay. |
| 700 ## - ADDED ENTRY--PERSONAL NAME | |
| Personal name | GARG, Dr. Sanjay |
| 700 ## - ADDED ENTRY--PERSONAL NAME | |
| Personal name | SINGH, Manjeet. |
| 700 ## - ADDED ENTRY--PERSONAL NAME | |
| Personal name | YADAY, DR, Mukesh. |
| 700 ## - ADDED ENTRY--PERSONAL NAME | |
| Personal name | GUPTA, Shallu. |
| 942 ## - ADDED ENTRY ELEMENTS (KOHA) | |
| Source of classification or shelving scheme | Dewey Decimal Classification |
| Koha item type | Text Books |
| 942 ## - ADDED ENTRY ELEMENTS (KOHA) | |
| -- | 12 |
| Withdrawn status | Lost status | Source of classification or shelving scheme | Damaged status | Not for loan | Collection code | Home library | Current library | Date acquired | Source of acquisition | Currency | Cost, normal purchase price | Bill Number | Total Checkouts | Full call number | Acc. no. / Barcode | Date last seen | Date last borrowed | Actual Cost, discounted price | Bill Date | Koha item type |
|---|---|---|---|---|---|---|---|---|---|---|---|---|---|---|---|---|---|---|---|---|
| Dewey Decimal Classification | B.Sc Non Medical | PIET NCR College Library | PIET NCR College Library | 01/04/2022 | Kirti Prakashan | Indian Rup | 265.00 | IN2 | 3 | 515.5 DHS | N2103 | 20/06/2022 | 07/06/2022 | 215.95 | 09/04/2022 | Text Books | ||||
| Dewey Decimal Classification | B.Sc Non Medical | PIET NCR College Library | PIET NCR College Library | 01/04/2022 | Kirti Prakashan | Indian Rup | 265.00 | IN2 | 3 | 515.5 DHS | N2104 | 04/08/2022 | 20/06/2022 | 215.95 | 09/04/2022 | Text Books | ||||
| Dewey Decimal Classification | B.Sc Non Medical | PIET NCR College Library | PIET NCR College Library | 01/04/2022 | Kirti Prakashan | Indian Rup | 265.00 | IN2 | 2 | 515.5 DHS | N2105 | 07/06/2022 | 24/05/2022 | 215.95 | 09/04/2022 | Text Books | ||||
| Dewey Decimal Classification | B.Sc Non Medical | PIET NCR College Library | PIET NCR College Library | 01/04/2022 | Kirti Prakashan | Indian Rup | 265.00 | IN2 | 4 | 515.5 DHS | N2106 | 08/08/2022 | 07/06/2022 | 215.95 | 09/04/2022 | Text Books | ||||
| Dewey Decimal Classification | B.Sc Non Medical | PIET NCR College Library | PIET NCR College Library | 01/04/2022 | Kirti Prakashan | Indian Rup | 265.00 | IN2 | 515.5 DHS | N2102 | 09/04/2022 | 215.95 | 09/04/2022 | Text Books |